000 00471nam a22001577a 4500
005 20250726161206.0
008 250726b |||||||| |||| 00| 0 eng d
020 _a9781844079254
_qpbk
041 _aeng
082 _a507.2
_bBRO
100 _aValerie A.brown, John A. Harris And Jacqeline Y. Russell
245 _aTackling Wicked Problems : Through The Transdisciplinary Imagination
_cBrown, Valerie . A
300 _a312p.,
650 _aScience
942 _cENGLISH
999 _c577527
_d577527